00357nam a2200121Ia 4500008004100000020001500041245001500056250006900071300003100140650001900171700003000190999001500220151015s9999 xx 000 0 und d a9966707670 aYabs,John  a_Guidelines on how to write MBA projects strategies and tactics  aNairobi Lelax global 2010  a_MBA projects  a^d20110208 09:08:34^oanne c1276d1276